000 00540nam a2200157 a 4500
001 000041403
005 20210703221528.0
008 131002s2003 dr 000 0 spa d
040 _aDO-SdBNP
_bspa
_cBNPHU
245 0 0 _aReglamento del régimen subsidiado del sistema dominicano de seguridad social.
260 _aSanto Domingo :
_bCNSS,
_c2003.
300 _a34 p. ;
_c22 cm.
490 1 _aReglamentos y normas
_v6
710 2 _aConsejo Nacional de Seguridad Social (República Dominicana)
_963839
830 0 _aReglamentos y normas
_v6
_968058
999 _c40893
_d40893